Buen humor : (Record no. 189824)

MARC details
000 -LEADER
campo de control de longitud fija 01466nas a2200373 i 4500
001 - NÚMERO DE CONTROL
campo de control 189824
003 - IDENTIFICADOR DE NÚMERO DE CONTROL
campo de control SpMaBN
005 - FECHA Y HORA DE LA ÚLTIMA TRANSACCIÓN
campo de control 20250322063249.0
007 - CAMPO FIJO DE DESCRIPCIÓN FÍSICA--INFORMACIÓN GENERAL
campo de control de longitud fija t|
008 - DATOS DE LONGITUD FIJA--INFORMACIÓN GENERAL
campo de control de longitud fija 191202d19211931sp w|yp | b||pa d
022 ## - NÚMERO INTERNACIONAL NORMALIZADO PARA PUBLICACIONES SERIADAS
Número Internacional Normalizado para Publicaciones Seriadas 2171-7435
080 ## - NÚMERO DE LA CLASIFICACIÓN DECIMAL UNIVERSAL
Número de la Clasificación Decimal Universal (051)
130 ## - ENTRADA PRINCIPAL--TÍTULO UNIFORME
Título uniforme Buen humor (Madrid)
9 (RLIN) 239861
210 0# - TÍTULO ABREVIADO
Título abreviado Buen humor
222 0# - TÍTULO CLAVE
Título clave Buen humor
245 10 - MENCIÓN DEL TÍTULO
Título Buen humor :
Resto del título semanario satírico
260 ## - PUBLICACIÓN, DISTRIBUCIÓN, ETC.
Lugar de publicación, distribución, etc. Madrid :
Nombre del editor, distribuidor, etc. [Buen humor],
Fecha de publicación, distribución, etc. 1921-1931 (
Fabricante Gráficas Reunidas, S.A.)
300 ## - DESCRIPCIÓN FÍSICA
Extensión v. :
Otras características físicas il., fot. ;
Dimensiones 27 cm.
310 ## - PERIODICIDAD ACTUAL
Periodicidad actual Semanal
362 0# - FECHAS DE PUBLICACIÓN Y/O DESIGNACIÓN SECUENCIAL
Fecha de publicación y/o designación secuencial N. 1 (4 dic. 1921)-
362 1# - FECHAS DE PUBLICACIÓN Y/O DESIGNACIÓN SECUENCIAL
Fecha de publicación y/o designación secuencial Cesó en 1931.
530 ## - NOTA DISPONIBLE DE FORMULARIO FÍSICO ADICIONAL
Nota de formato físico adicional disponible Disponible en formato digital.
590 0# - NOTA LOCAL (RLIN)
Nota local Descripción basada en: N. 49 (5 nov. 1922)
594 ## - Nota al título y mención de responsabilidad
Nota al título y mención de responsabilidad Fundado y dirigido por el artista gráfico y caricaturista Sileno (Pedro Antonio Villahermosa y Borao)
655 #4 - TERMINO DE INDIZACIÓN--GENERO/FORMA
9 (RLIN) 226865
Datos o término principal de género/forma Revistas satíricas y humorísticas
700 0# - ENTRADA AGREGADA--NOMBRE PERSONAL
Nombre de persona Sileno,
Fechas asociadas al nombre 1869-1945
9 (RLIN) 168967
852 ## - LOCALIZACIÓN
Ubicación ES-MaACL
Número de control de estantería HEM-2119
Ubicación en estantería Hemeroteca
Donativo/Legado Donación: José María Ballester Palazón
itemnumber 196967
856 ## - LOCALIZACIÓN Y ACCESO ELECTRÓNICOS
Identificador Uniforme de Recursos <a href="https://www.memoriademadrid.es/buscador.php?accion=VerFicha&id=3418">https://www.memoriademadrid.es/buscador.php?accion=VerFicha&id=3418</a>
Nota pública Memoria de Madrid
866 #0 - MENCIÓN TEXTUAL DE FONDOS--UNIDAD BIBLIOGRÁFICA BÁSICA
Fondos (1922 sólo n. 49)(1923-1926)(1927 sólo n. 270 y n. 309)(1928 sólo n. 320 y n. 327)(1929 sólo n. 415),(1931 sólo n. 475 y n. 486)
Faltantes
903 ## - NOMBRE PERSONAL DE DONANTE
9 239859
a Ballester Palazón, José María
e Donante
942 ## - ELEMENTOS DE ENTRADA SECUNDARIOS (KOHA)
Fuente del sistema de clasificación o colocación Clasificación decimal universal
Tipo de ítem Koha Revista
Holdings
Estatus retirado Estado de pérdida Fuente del sistema de clasificación o colocación Estado de daño No para préstamo Biblioteca de origen Biblioteca actual Ubicación en estantería Fecha de adquisición Total de préstamos Signatura topográfica completa Código de barras Visto por última vez Precio de reemplazo Tipo de ítem Koha
    Clasificación decimal universal     Biblioteca del Ateneo de Madrid Biblioteca del Ateneo de Madrid Hemeroteca 02/12/2019   HEM-2119 1201336 23/02/2023 23/02/2023 Revista